Statistics for セブンイレブンで利用可能な決済方法

Click here to take the quiz!

General Stats

  • This quiz has been taken 111 times
  • The average score is 16 of 38

Answer Stats

HintAnswer% Correct
バーコード決済PayPay
98%
電子マネーSuica
92%
電子マネーPASMO
86%
クレジットカードなどVISA
82%
電子マネーnanaco
76%
クレジットカードなどJCB
75%
クレジットカードなどmastercard
70%
バーコード決済LINE Pay
65%
バーコード決済au Pay
61%
バーコード決済楽天ペイ
57%
その他現金
57%
電子マネーKitaca
57%
電子マネーtoica
55%
バーコード決済d払い
54%
電子マネーiD
52%
電子マネーQUICPay
52%
クレジットカードなどAMERICAN EXPRESS
51%
その他QUOカード
51%
電子マネーはやかけん
49%
電子マネー楽天Edy
49%
電子マネーmanaca
44%
電子マネーSUGOCA
44%
バーコード決済メルペイ
43%
バーコード決済Alipay
37%
電子マネーnimoca
33%
その他セブン&アイ共通商品券
29%
バーコード決済WeChat Pay
23%
バーコード決済ゆうちょPay
22%
クレジットカードなどUnion Pay
15%
クレジットカードSEVEN CARD
13%
クレジットカードなどDiners Club
11%
バーコード決済QUOカードPay
10%
クレジットカードなどSAISON CARD
10%
クレジットカードなどDISCOVER
7%
バーコード決済J-Coin Pay
6%
バーコード決済Smart Code
6%
バーコード決済Bank Pay
4%
クレジットカードClub ON/Millenium
3%

Score Distribution

Percentile by Number Answered

Percent of People with Each Score

Your Score History

You have not taken this quiz